Накопление радиационных дефектов в анионной подрешетке монокристаллов окиси магния при высоких плотностях возбуждения ускоренными электронами: диссертация на соискание ученой степени кандидата физико-математических наук

Bibliografske podrobnosti
Glavni avtor: Суржиков А. П. Анатолий Петрович
Korporativna značnica: Томский политехнический институт
Drugi avtorji: Воробьев А. А. Александр Акимович (научный руководитель)
Jezik:ruščina
Izdano: Томск, [Б. и.], 1981
Teme:
Format: Knjiga
KOHA link:https://koha.lib.tpu.ru/cgi-bin/koha/opac-detail.pl?biblionumber=71594

MARC

LEADER 00000nbm0a2200000 4500
001 71594
005 20240131133203.0
035 |a (RuTPU)RU\TPU\book\76301 
090 |a 71594 
100 |a 20041221d1981 k y0rusy50 ca 
101 0 |a rus 
102 |a RU 
105 |a a m 001zy 
200 1 |a Накопление радиационных дефектов в анионной подрешетке монокристаллов окиси магния при высоких плотностях возбуждения ускоренными электронами  |e диссертация на соискание ученой степени кандидата физико-математических наук  |f А. П. Суржиков  |g Томский политехнический институт ; науч. рук. А. А. Воробьев 
210 |a Томск  |c [Б. и.]  |d 1981 
215 |a 142 л.  |c ил. 
320 |a Библиогр.: с. 130-142 (146 назв.) 
606 1 |a Монокристаллы  |x Дефекты  |2 stltpush  |3 (RuTPU)RU\TPU\subj\80331  |9 88056 
610 1 |a физика 
610 1 |a радиация 
610 1 |a анионы 
610 1 |a решетки 
610 1 |a магний 
610 1 |a плотность 
610 1 |a возбуждение 
610 1 |a электроны 
610 1 |a диссертации 
610 1 |a труды учёных ТПУ 
675 |a 548.4(04)  |v 3 
700 1 |a Суржиков  |b А. П.  |c физик  |c профессор Томского политехнического университета, доктор физико-математических наук  |f 1951-  |g Анатолий Петрович  |3 (RuTPU)RU\TPU\pers\22010  |9 9307 
702 1 |a Воробьев  |b А. А.  |c российский физик  |c ректор Томского политехнического института, профессор  |f 1909-1981  |g Александр Акимович  |3 (RuTPU)RU\TPU\pers\12805  |4 727 
712 0 2 |a Томский политехнический институт  |3 (RuTPU)RU\TPU\col\1123 
801 1 |a RU  |b 63413507  |c 20041221  |g PSBO 
801 2 |a RU  |b 63413507  |c 20200824  |g PSBO 
942 |c BK